000 00982nam a22002777a 4500
003 OSt
005 20141112182930.0
008 141027b xxu||||| |||| 00| 0 eng d
020 _a968-26-1168-7
040 _cBMC
082 _a658.1553
082 _a338.52
100 1 _927299
_aLeenders, Michiel R.‏
245 1 0 _aAdministracion de compras y materiales
_cMichael R. Leenders, Harold E. Fearon, Wilbur B. Englan ; traducción , María del Consuelo Hidalgo y Mondragón, Alejandro Rodas Carpizo
250 _a2º ed., 6ª reimp
260 _aMéxico D.F.
_bContinental
_c2001
300 _aXIII, 734 p.
_c22 cm
595 _aTraducción de: Purchasing and materials management
650 2 4 _926574
_aCostes de producción
650 2 4 _93561
_aPrecios
700 1 _927300
_aFearon, Harold E.‏
700 1 _927298
_aEngland, Wilbur B.
700 1 _97689
_aHidalgo Mondragón, María del Consuelo
700 1 _95568
_aRodas Carpizo, Alejandro Roberto
942 _2ddc
_cBK
999 _c15056
_d15056